000
00271nam a22001217a 4500
041
_a
ENG
100
_a
Foster Coburn
245
_a
Corel Draw-7 The Official Guide
260
_a
Delhi
_b
Tata McGraw Hill
_c
2000
300
_a
1997
650
_a
Computer
856
_u
Computer
999
_c
610
_d
610